| 000 | 00805cam a2200253 a 4500 | ||
|---|---|---|---|
| 008 | |||
| 020 | _a9781842779095 (pbk.) | ||
| 049 | _aMAIN | ||
| 090 |
_aJQ1875 _bCHA |
||
| 100 | 1 | _aChabal, Patrick. | |
| 245 | 1 | 0 |
_aAfrica : _bthe politics of suffering and smiling / _cPatrick Chabal. |
| 260 |
_aPietermaritzburg : _bUniversity of KwaZulu-Natal Press, _c2009. |
||
| 300 |
_axii, 212 p. ; _c22 cm. |
||
| 490 | 1 | _aWorld political theories | |
| 500 | _aIncludes index. | ||
| 504 | _aIncludes bibliographical references. | ||
| 651 | 0 |
_aAfrica _xPolitics and government _xPhilosophy. |
|
| 830 | 0 | _aWorld political theories. | |
| 907 |
_a.b1033676x _b05-11-13 _c04-11-13 |
||
| 003 | |||
| 005 | 20230123122036.0 | ||
| 040 | _cNUST | ||
| 942 |
_cBOOKS _kJQ1875 _mCHA |
||
| 999 |
_c126787 _d126787 |
||